| 000 | 01266nam0a2200301 4500 | ||
|---|---|---|---|
| 001 | RU\NLR\BIBL_A\011449049 | ||
| 005 | 20241103070929.0 | ||
| 010 |
_a9785946919364 _9100 |
||
| 021 |
_aRU _b2017-51350 _93682 |
||
| 035 | _a(RuMoRGB)008935407 | ||
| 035 | _a(NLR Aleph) 011449049 | ||
| 090 |
_a11743603 _c11743603 |
||
| 100 | _a20170804d2017 u y0rusy50 ca | ||
| 101 | 0 | _arus | |
| 102 | _aRU | ||
| 105 | _aa|||j|||000zy | ||
| 200 | 1 |
_aПособие лечащему врачу по ведению истории болезни в специализированном лечебном отделении медицинской организации _fВалерий Завирохин |
|
| 210 |
_aМосква _cГраница _d2017 |
||
| 215 |
_a35 с. _cтабл. _d21 |
||
| 320 | _aБиблиогр.: с. 34-35 (10 назв.) и в подстроч. примеч. | ||
| 606 |
_aИстория болезни _jРуководства, пособия и т.п _xОформление в больнице _92176520 _3RU\NLR\AUTH\661309078 |
||
| 686 |
_aР342,07 _2rubbk |
||
| 686 | 1 | _aР342я77 | |
| 700 | 1 |
_aЗавирохин _bВ. А. _gВалерий Алексеевич |
|
| 942 | _cBOOK | ||
| 980 | _aNBR | ||